000
00282nam a22001217a 4500
041
_a
ENG
100
_a
Sahay.B.R
245
_a
National Agriculture Policy In The New Millennium
260
_a
Delhi
_b
Anmol Pub
_c
1998
300
_a
456
650
_a
Math's
856
_u
M.Tech ( 7 )
999
_c
1095
_d
1095